000 00289nam a22001337a 4500
008 181015b xxu||||| |||| 00| 0 eng d
020 _a081850286
041 _aeng
080 _22nd
_a316
100 _a50
101 _aSOC
245 _aExperimental Design
_cKirk, R.E
942 _2udc
_cBK
999 _c49763
_d49763